000 00355nam a2200145Ia 4500
008 230917s9999||||xx |||||||||||||| ||und||
040 _e132275
_aMAIN
041 _aEnglish
082 _a658.15 K959F
100 _aKulkarni, P V
245 0 _aFinancial management
260 _aDelhi
_bHimalaya Publishing House
_c1981
300 _a679p p.
942 _cBK
999 _c70985
_d70985